BabyFirst TV Shows 2000's and Early 2010's - Statistics

General Stats
  • This quiz has been taken 7 times
  • The average score is 27 of 104
Answer Stats
Answer % Correct
Ready Dress Go
80%
The Yoyo and Peanut Show
80%
Color Crew
60%
Number Time
60%
Petey Paintbrush
60%
Albert and Junior
40%
Arty Party
40%
Baby DIY
40%
Baby Einstein
40%
BabyFirst Tales
40%
Baby Maze
40%
Baby U
40%
Bloop and Loop
40%
Bobby's Balloon House
40%
Bonnie Bear
40%
Brainy Baby
40%
Danny and Daddy
40%
Fred and Fiona
40%
Friendly Jack
40%
Harry The Bunny
40%
Hide and Seek
40%
Joey's Toy Box
40%
Juno Baby
40%
Mio Mao
40%
My Pop Up Book
40%
Numbers Around The Globe
40%
Numbers Farm
40%
Peekaboo I See You
40%
Picture Pad
40%
Safari Scrapbook
40%
Sandman
40%
Scuba Dots
40%
Shape A Ma Jigs
40%
Shushybye Baby
40%
Squeak!
40%
Sukey's Circle
40%
The Notekins
40%
Tillie Knock Knock
40%
VocabuLarry
40%
What's Different?
40%
Where Do They Go?
40%
Widget and His Wonder Machine
40%
Wonder Box
40%
Babies
20%
Baby Songs
20%
Black and White
20%
Bonny, Banana and Mo
20%
Carousel Dreams
20%
Childhood Songs
20%
Clay World
20%
Color Symphony
20%
Connect The Dots
20%
Flow
20%
Honk, Toot and Swo-Swoosh
20%
I Can Sign!
20%
Kaleidoscope
20%
Kids Love Spanish
20%
Lil' Vinnie's Art
20%
Looi
20%
Lullabies
20%
Magic Tunnels
20%
Mobiles
20%
Mobiles 3D
20%
Musti
20%
Musti 3D
20%
My Gym At Home
20%
Ooki's World
20%
Parenting Tips
20%
Pixies
20%
Play With Me
20%
Puzzles
20%
Rainbow Horse
20%
Shapes and Sizes
20%
Smile
20%
So Smart!
20%
Swing and Sing
20%
Tec The Tractor
20%
The Bop-A-Lots
20%
The Wordies
20%
Tinosaurs
20%
Wave
20%
What Is It?
20%
Word Of The Day
20%
BabyFirst Nursery Songs
0%
Dougie in Disguise
0%
First Impressions
0%
Foodie Fables
0%
Hocus Pocus
0%
Hopla
0%
I Can Do It!
0%
Junglies
0%
Little Playdates
0%
Sali Mali
0%
Shadow Stories
0%
Sing-A-Long with Mitten the Kitten
0%
Sing in English
0%
Spirello
0%
Super Bebe
0%
Symfollies
0%
Tell Me A Story
0%
The Classic Nursery Rhymes Collection
0%
The KneeBouncers Show
0%
Tik Tak
0%
Two Tone Motion
0%
No matching quizzes found
Score Distribution
Percent of People with Each Score
Percentile by Number Answered
Your Score History
You have not taken this quiz